Rājasthāna-kāhinī. (Record no. 72368)

MARC details
000 -LEADER
fixed length control field 00601cam a22002411 4500
001 - CONTROL NUMBER
control field sa 67001086
003 - CONTROL NUMBER IDENTIFIER
control field DLC
005 - DATE AND TIME OF LATEST TRANSACTION
control field 20260227112319.0
008 - FIXED-LENGTH DATA ELEMENTS--GENERAL INFORMATION
fixed length control field 900213s1966 ii j b 000 0 beno
010 ## - LIBRARY OF CONGRESS CONTROL NUMBER
LC control number sa 67001086
035 ## - SYSTEM CONTROL NUMBER
System control number (OCoLC)21058158
040 ## - CATALOGING SOURCE
Original cataloging agency DLC
Transcribing agency WaU
Modifying agency DLC
042 ## - AUTHENTICATION CODE
Authentication code premarc
043 ## - GEOGRAPHIC AREA CODE
Geographic area code a-ii---
050 00 - LIBRARY OF CONGRESS CALL NUMBER
Classification number DS485.R18
Item number Q3
100 1# - MAIN ENTRY--PERSONAL NAME
Personal name Qanungo, Kalika Ranjan.
245 10 - TITLE STATEMENT
Title Rājasthāna-kāhinī.
260 ## - PUBLICATION, DISTRIBUTION, ETC.
Date of publication, distribution, etc. [1966]
300 ## - PHYSICAL DESCRIPTION
Extent 286 p.
Other physical details geneal. table.
Dimensions 23 cm.
500 ## - GENERAL NOTE
General note In Bengali.
504 ## - BIBLIOGRAPHY, ETC. NOTE
Bibliography, etc. note Bibliographical footnotes.
651 #0 - SUBJECT ADDED ENTRY--GEOGRAPHIC NAME
Geographic name Rajasthan (India)

No items available.

Powered by Koha